000 00650nam a2200241Ia 4500
003 OSt
005 20221007081009.0
006 a|||||r|||| 00| 0
007 ta
008 221006b |||||||| |||| 00| 0 eng d
024 _a30,036
037 _cTextual
040 _aFLL
_cFLL
_beng
041 _2eng
_aeng
082 _aY, L6
100 _aCoser Lewis A. Ed.
_914889
245 0 _aSociological theory
260 _aNew York
_bMacmillan Publishing Co., Inc. New
_c1976
300 _axvi,651p
_ccm.
700 _a Rosenberg Bernard
942 _hY, L6
_cTEXL
_2CC
999 _c1161612
_d1161612